000 00569nam a2200205Ia 4500
005 20250923150002.0
008 008 250917s9999 xx 000 0 eng d
037 _aTextual
040 _aDSWL
_beng
_cDSWL
041 _aeng
_2eng
084 _aY:435:6x2, N93
_qDSWL
245 0 _aNatural Disaster Reduction
_cEd. by G.K. Misra
260 _aNew Delhi
_bR.P. House & I.I.P.A.
_c1993
300 _axiv,269 p.
365 _bGift
700 _a G.C. Matur
_9841002
925 _gGift
942 _cTEXL
_hY:435:6x2, N93
999 _c1458153
_d1458153